000 00422nam a2200181 a 4500
001 1767328428586
003 YourLibrary
005 20260102133635.0
008 260102s2004##################000#0#eng##
020 _a9788178231136
082 0 4 _a294.592
_bAMR
245 1 0 _aRG Vedic Suktas :
260 _c2004.
300 _a82 pages
650 0 _aVedas.
942 _cENGLISH
040 _aYourLibrary
_beng
_cYourLibrary
999 _c606673
_d606673